书目信息 |
| 题名: |
现代国际礼仪
|
|
| 作者: | 周国宝 , 张慎霞 编著 | |
| 分册: | ||
| 出版信息: | 广州 华南理工大学出版社 2006.03 |
|
| 页数: | 371页 | |
| 开本: | 25cm | |
| 丛书名: | ||
| 单 册: | ||
| 中图分类: | K891.26 | |
| 科图分类: | ||
| 主题词: | 礼仪--li yi--世界--基本知识 | |
| 电子资源: | ||
| ISBN: | 7-5623-2344-5 | |
| 000 | 00835nam0 2200241 450 | |
| 001 | 012006971406 | |
| 005 | 20060920112324.65 | |
| 010 | @a7-5623-2344-5@dCNY38.00 | |
| 100 | @a20060706d2006 km y0chiy0120 ea | |
| 101 | 0 | @achi |
| 102 | @aCN@b440000 | |
| 105 | @aa a 000yy | |
| 200 | 1 | @a现代国际礼仪@Axian dai guo ji li yi@f周国宝, 张慎霞编著@Fzhou guo bao,zhang shen xia bian zhu |
| 210 | @a广州@c华南理工大学出版社@d2006.03 | |
| 215 | @a371页@c图@d25cm | |
| 320 | @a有书目。 | |
| 330 | @a本书通过对现代国际交往活动中主要礼仪规范的归纳和整合,比较全面、系统地总结了在现代国际交往活动中应遵循的基本礼仪、规范。 | |
| 606 | 0 | @a礼仪@Ali yi@y世界@x基本知识 |
| 690 | @aK891.26@v4 | |
| 701 | 0 | @a周国宝@Azhou guo bao@4编著 |
| 701 | 0 | @a张慎霞@Azhang shen xia@4编著 |
| 801 | 0 | @aCN@bQSSK@c20060920 |
| 905 | @a10447@dK891.26@eZ760 | |
| 现代国际礼仪/周国宝, 张慎霞编著.-广州:华南理工大学出版社,2006.03 |
| 371页:图;25cm |
| ISBN 7-5623-2344-5:CNY38.00 |
| 本书通过对现代国际交往活动中主要礼仪规范的归纳和整合,比较全面、系统地总结了在现代国际交往活动中应遵循的基本礼仪、规范。 |
| ● |
| 相关链接 |
|
|
|
正题名:现代国际礼仪
索取号:K891.26/Z760
 
预约/预借
| 序号 | 登录号 | 条形码 | 馆藏地/架位号 | 状态 | 备注 |
| 1 | 592927 | 205929272 | 社科库309/309社科库 10排3列2层/ [索取号:K891.26/Z760] | 在馆 | |
| 2 | 592928 | 205929281 | 社科库309/309社科库 10排3列2层/ [索取号:K891.26/Z760] | 在馆 | |
| 3 | 592929 | 205929290 | 社科库309/309社科库 10排3列2层/ [索取号:K891.26/Z760] | 在馆 |